Los Ferrocarriles son argentinos
| フォーマット: | 図書 |
|---|---|
| 言語: | Spanish |
| 主題: |
MARC
| LEADER | 000000am a2200000 a 4500 | ||
|---|---|---|---|
| 001 | 11723 | ||
| 005 | 20230308160748.0 | ||
| 008 | 000000|1948 ||||||||r|||||||||||spa|| | ||
| 040 | |b spa | ||
| 041 | 0 | |a Es | |
| 082 | 0 | |a 380.82 |b F398f | |
| 245 | 1 | 1 | |a Los Ferrocarriles son argentinos |h imp |
| 264 | |a Buenos Aires |b s.e. |c 1948 | ||
| 300 | |a 19 páginas: | ||
| 650 | 1 | |a Ferrocarriles argentinos |9 20985 | |
| 852 | |a UC-CDJBV |f Donación |k margarita.gutierrez |l 1 |m General |p 00000000 |q 1,00 |t 11723 |b 0 |d CDRC |e CDRC |g 380.82 F398f |z 0000-00-00 | ||
| 942 | |c BK | ||
| 999 | |c 12108 |d 12108 | ||